000 01565nam0a2200325 4500
001 RU\NLR\bibl\29249
005 20260408185738.0
010 _a5-89423-065-9
_9100
021 _aRU
_b98-42990
_92063
035 _a(NLR Aleph) 000028501
090 _a140334
_c140334
100 _a19990524d1998 u y0rusy50 ca
101 0 _arus
102 _aRU
105 _a|||||||||||||
200 1 _aДоброкачественные опухоли и опухолеподобные образования языка
_eУчеб. пособие
_fИ.Г. Ямашев
_gМ-во здравоохранения Рос. Федерации, Казан. гос. мед. акад. последиплом. образования. Каф. челюст.-лицевой хирургии
210 _aКазань
_cАБАК
_d1998
215 _a44 с.
_d21
300 _aНа обороте тит.л. авт.: И.Г. Ямашев, д.м.н.,проф.
320 _aБиблиогр.: с.38-43
606 _aЯзык (анат.)
_xБолезни
_jРуководства, пособия и т.п.
_3RU\NLR\auth\6634007
_9949541
606 _aЯзык (анат.)
_xДоброкачественные опухоли
_jРуководства, пособия и т.п.
_3RU\NLR\auth\661201442
_91994609
686 _aР569.432.3я77
700 1 _aЯмашев
_bИ. Г.
_gИльгиз Гарифович
_4070
801 0 _aRU
_bNLR
_c19990524
_gPSBO
801 1 _aRU
_bNLR
_c19990524
852 _aNLR
_j99-6/394
942 _cBOOK
980 _aNB